Представление документа в формате RUSMARC

Поле Инд. ПП Название Значение
Тип записи a
Библиографический уровень a
001 Контрольный номер 994f1baa901f462c982ec44558eafd50
005 Дата корректировки 20181127095611.9
100 a Данные общей обработки 20181127 ||| 0rusy0189 ca
101 0_ a Язык текста rus
102 a Страна публикации RU
200 1_ f Первые сведения об ответственности Н.В. Кляус
a Заглавие Признание права собственности на бесхозяйную недвижимую вещь по ГПК РФ
b Общее обозначение материала Текст
210 1_ d Дата издания 2017
461 _0 1 2000
a Арбитражный и гражданский процесс
463 _0 1 2000
a № 1
v С. 38-41
1 2101
d 2017
1 001c564a8359a504ea1b334d6102ca6d244
606 a Основная рубрика Гражданское и торговое право
610 0_ a Ключевые слова ГРАЖДАНСКИЙ ПРОЦЕСС
a Ключевые слова ПРАВО СОБСТВЕННОСТИ
a Ключевые слова ЗАЩИТА ПРАВА СОБСТВЕННОСТИ
700 _1 a Фамилия Кляус
b Имя Н.В.
801 _0 a Страна RU
b Организация РГУП
c Дата составления 20181127
g Правила каталогизации PSBO
801 _1 a Страна RU
b Организация РГУП
c Дата составления 20181127
g Правила каталогизации PSBO
901 t Тип документа b
w Контрольный № источника c564a8359a504ea1b334d6102ca6d244
905 a Дата ввода 20181127